Advances in coastal modeling

Spremljeno u:
Bibliografski detalji
Format: Knjiga
Jezik:Undetermined
Izdano: Boston Elsevier 2003
Teme:
Oznake: Dodaj oznaku
Bez oznaka, Budi prvi tko označuje ovaj zapis!
Thư viện lưu trữ: Trung tâm Học liệu Trường Đại học Cần Thơ
LEADER 00489nam a2200193Ia 4500
001 CTU_94719
008 210402s9999 xx 000 0 und d
020 |c 185.22 
082 |a 551.45 
082 |b A244 
245 0 |a Advances in coastal modeling 
245 0 |c V. C. Lakhan editor 
260 |a Boston 
260 |b Elsevier 
260 |c 2003 
650 |a Coast changes 
650 |x Mathematical models 
904 |i Năm 
980 |a Trung tâm Học liệu Trường Đại học Cần Thơ